000 00365nam a22001337a 4500
020 _a0-07-019244-8
082 _a621.38153 ELE'W
100 _aWEBER, SAMUEL
_941566
245 _aELETRONIC CIRCUITS NOTEBOOK PROVEN DESIGN FOR SYSTEMS APPLICATIONS
260 _aNEWYORK
_bMCGRAW HILL
_c1981
300 _a344P
650 _aELECTRONIC CIRCUITS
_920195
942 _cBK
999 _c580131
_d580131